000
00335nam a2200145Ia 4500
003
OSt
005
20240320114947.0
008
170523s9999 xx 000 0 und d
020
_a
978-0470531082
040
_c
IIMT UNIVERSITY MEERUT
100
_a
Vahid- Frank
245
0
_a
Digital Design
260
_a
Wiley India
942
_2
ddc
_c
02
999
_c
12000
_d
12000